000 00637cam a22002291 4500
001 sa 68004947
003 DLC
005 20260227112505.0
008 720425s1967 ii b 00000 eng
010 _asa 68004947 //r84
025 _aPL480:I-E-9264
043 _aa-ii---
050 0 _aHD8039.S86
_bI45
082 _a331.7/66/410954
110 1 0 _aIndia.
_bLabour Bureau.
245 1 0 _aReport on survey of labour conditions in sugar factories in India.
260 1 _a[Simla,
_c1967]
300 _aiv, 77 p.
_c24 cm.
350 _aRs4.50 $1.62
500 _aBibliographical footnotes.
650 0 _aSugar refinery workers
_zIndia.
999 _c80446
_d80446